00586 a2200145 4500245009300000020001500093650003700108005001700145260010200162084002000264300005200284500005000336490003900386999001500425 aFollow the river and you will reach the seab : community views on communicationhprint a1779360126 aCommunity views on communication20191017172116.0 arhbAfrica Community Pub. and Development Trust with the Media Institute of Southern Africac2004 aJC591 .F65 2004 a136 p. : ill. b 30 cm.c136 p. : ill. ; 30 cm. aIncludes bibliographical references (p. 135). aCommunity capacity building series c8443d8443